Spectral sequence constructors in algebra and topology

Αποθηκεύτηκε σε:
Λεπτομέρειες βιβλιογραφικής εγγραφής
Κύριος συγγραφέας: Barnes, D. W. (Donald W.) 1935-
Μορφή: Βιβλίο
Γλώσσα:English
Δημοσίευση: Providence, R.I., USA : American Mathematical Society, 1985
Σειρά:Memoirs of the American Mathematical Society ; ; 317
Θέματα:
Ετικέτες: Προσθήκη ετικέτας
Δεν υπάρχουν, Καταχωρήστε ετικέτα πρώτοι!

MARC

LEADER 00000cam a2200000 i 4500
001 1/50148
008 941103s1985 eng d
020 |a 0821823191 
035 |l 10043803 
035 |a 1994 
040 |a GR-MY-UA  |b gre  |e aacr 
041 0 |a eng 
082 0 |a 512.55 
100 1 |a Barnes, D. W.  |q (Donald W.)  |d 1935- 
245 1 0 |a Spectral sequence constructors in algebra and topology /  |c D.W. Barnes 
260 |a Providence, R.I., USA :   |b American Mathematical Society,   |c 1985 
300 |a viii, 174 p.;  |c 26 cm 
490 1 |a Memoirs of the American Mathematical Society  |v ; 317 
500 |a "Volume 53, number 317 (fourth of 5 numbers)" 
500 |a Includes index 
504 |a Bibliography: p. 171-172 
650 0 0 |a Functor theory. 
650 0 0 |a Spectral sequences (Mathematics) 
650 0 0 |a Hopf algebras. 
830 0 |a Memoirs of the American Mathematical Society ;  |v ; 317 
852 |a INST  |b SAMOS  |e 19941103  |h 512.55 BAR  |p 005300007706  |q 005300007706  |t BK  |y 0 
909 |a Σ  |b 033704